000 00646nam a2200253Ia 4500
001 10670
005 20240113235233.0
007 ta
008 050805s1907 a g b000 u eng u
020 _cHB
040 _aCotton College,Assam
041 _aeng
082 _a938
_bG 915 H
100 _aGrote, George .
245 0 _aHistory of Greece Vol. III /
_cGeorge Grote.
_hTextual Documents
250 _a1st ed. /
260 _aLondon :
_bJohn Murray ,
_c1907.
300 _axix, 554p. :
_bill. ;
_c20cm .
653 _aHistory-Greece
653 _aG-History
942 _2ddc
_cBK
999 _c10657
_d10657